[Event "Znojmo Rotunda op"]
[Site "Znojmo"]
[Date "2024.06.30"]
[Round "9"]
[White "Mayer, Josef"]
[Black "Buchta, Vaclav"]
[Result "0-1"]
[WhiteElo "1927"]
[BlackElo "2099"]
[PlyCount "94"]
[EventDate "2024.06.23"]
[EventType "swiss"]
[EventRounds "9"]
[EventCountry "CZE"]
[SourceTitle "CBM 221 Extra"]
[Source "ChessBase"]
[SourceDate "2024.09.30"]
[SourceVersion "1"]
[SourceVersionDate "2024.09.30"]
[SourceQuality "1"]

1. c4 c5 2. Nc3 Nc6 3. g3 g6 4. Bg2 Bg7 5. Nf3 d6 6. 0-0 e5 7. Ne1 Nge7 8. Nc2 0-0 9. Ne3 f5 10. Ned5 Nxd5 11. Nxd5 f4 12. d3 Nd4 13. h3 g5 14. Kh2 g4 15. Be4 gxh3 16. e3 fxg3+ 17. fxg3 Rxf1 18. Qxf1 Nc6 19. Bd2 Be6 20. Bf5 Bxf5 21. Qxf5 Qf8 22. g4 e4 23. dxe4 Ne5 24. Kxh3 Nxc4 25. Bc3 Bxc3 26. bxc3 Qh6+ 27. Qh5 Qxh5+ 28. gxh5 Rf8 29. Rg1+ Kh8 30. h6 Ne5 31. Rg7 Rf7 32. Ne7 Rxg7 33. hxg7+ Kxg7 34. Nf5+ Kf6 35. Nxd6 b6 36. Kg3 Ke6 37. Nb5 a6 38. Nc7+ Kd6 39. Nd5 b5 40. Kf4 a5 41. Nf6 b4 42. cxb4 axb4 43. Ne8+ Kd7 44. Nf6+ Ke6 45. Nxh7 c4 46. Ng5+ Kd6 47. Nh3 b3 0-1

[Event "Znojmo Rotunda op"]
[Site "Znojmo"]
[Date "2024.06.26"]
[Round "5"]
[White "Dvorak, Libor"]
[Black "Mayer, Josef"]
[Result "1-0"]
[WhiteElo "1990"]
[BlackElo "1927"]
[PlyCount "71"]
[EventDate "2024.06.23"]
[EventType "swiss"]
[EventRounds "9"]
[EventCountry "CZE"]
[SourceTitle "CBM 221 Extra"]
[Source "ChessBase"]
[SourceDate "2024.09.30"]
[SourceVersion "1"]
[SourceVersionDate "2024.09.30"]
[SourceQuality "1"]

1. Nf3 Nf6 2. c4 g6 3. g3 Bg7 4. Bg2 0-0 5. 0-0 d6 6. Nc3 e5 7. d3 Nc6 8. Rb1 a5 9. a3 Re8 10. Nd2 Bf5 11. e4 Bg4 12. f3 Bd7 13. f4 Qc8 14. Nf3 Bg4 15. Be3 Qd7 16. Qe1 Bxf3 17. Bxf3 Nd4 18. Bxd4 exd4 19. Nd5 Nxd5 20. cxd5 c5 21. b4 cxb4 22. axb4 a4 23. b5 f5 24. Rf2 Qc7 25. Qb4 Qc3 26. Qxd6 Qxd3 27. Rd1 Qxb5 28. e5 Bf8 29. Qf6 Bc5 30. d6 Qb3 31. Rd3 Rf8 32. Rxb3 Rxf6 33. Rxb7 Rff8 34. Rc2 Rfc8 35. Rc7 Rxc7 36. dxc7 1-0

[Event "Znojmo Rotunda op"]
[Site "Znojmo"]
[Date "2024.06.25"]
[Round "4"]
[White "Mayer, Josef"]
[Black "Glacner, Karel"]
[Result "1-0"]
[WhiteElo "1927"]
[BlackElo "1646"]
[PlyCount "81"]
[EventDate "2024.06.23"]
[EventType "swiss"]
[EventRounds "9"]
[EventCountry "CZE"]
[SourceTitle "CBM 221 Extra"]
[Source "ChessBase"]
[SourceDate "2024.09.30"]
[SourceVersion "1"]
[SourceVersionDate "2024.09.30"]
[SourceQuality "1"]

1. c4 e5 2. Nc3 c6 3. d4 exd4 4. Qxd4 Qf6 5. Qd1 Qd6 6. Qc2 Nf6 7. g3 Qe6 8. b3 Bc5 9. Bg2 Na6 10. Nf3 d5 11. cxd5 Nb4 12. Qd2 Nbxd5 13. Nxd5 cxd5 14. 0-0 0-0 15. Bb2 Ne4 16. Qd3 Rd8 17. Nd4 Qf6 18. Rad1 Bf5 19. Nxf5 Qxf5 20. e3 Qg6 21. Qb5 Qg5 22. Qe2 Rd6 23. Rd3 Qf5 24. Rfd1 Re8 25. Bd4 g5 26. Bxc5 Nxc5 27. Rxd5 Qg6 28. Rxd6 Ne6 29. Qc4 Qg7 30. Bd5 Qe5 31. Bxe6 fxe6 32. Qd4 Qf5 33. Rd7 Qg6 34. Rd8 g4 35. Rxe8+ Qxe8 36. Qd8 Kf7 37. Rd7+ Qxd7 38. Qxd7+ Kf6 39. f4 b5 40. e4 b4 41. Qxh7 1-0

[Event "Znojmo Rotunda op"]
[Site "Znojmo"]
[Date "2024.06.24"]
[Round "2"]
[White "Mayer, Josef"]
[Black "Borkovec, Ondrej"]
[Result "0-1"]
[WhiteElo "1927"]
[BlackElo "1708"]
[PlyCount "64"]
[EventDate "2024.06.23"]
[EventType "swiss"]
[EventRounds "9"]
[EventCountry "CZE"]
[SourceTitle "CBM 221 Extra"]
[Source "ChessBase"]
[SourceDate "2024.09.30"]
[SourceVersion "1"]
[SourceVersionDate "2024.09.30"]
[SourceQuality "1"]

1. c4 b6 2. Nc3 Bb7 3. Nf3 Nf6 4. g3 e6 5. Bg2 Be7 6. 0-0 0-0 7. d3 d5 8. cxd5 exd5 9. d4 c5 10. b3 Na6 11. Bb2 Nc7 12. Rc1 Ne6 13. e3 Rc8 14. Qe2 Ne4 15. Rfd1 Bf6 16. Nxe4 dxe4 17. Ne5 cxd4 18. Rxc8 Qxc8 19. exd4 Bxe5 20. dxe5 Ng5 21. Rc1 Qd7 22. Rd1 Qf5 23. Qh5 e3 24. Qe2 Bxg2 25. Kxg2 exf2 26. Qxf2 Qe4+ 27. Kf1 Rc8 28. Rd2 Qb1+ 29. Kg2 Qe4+ 30. Kf1 Qh1+ 31. Ke2 Ne4 32. Qf5 Qg2+ 0-1

[Event "Znojmo Rotunda op-B"]
[Site "Znojmo"]
[Date "2023.08.26"]
[Round "9"]
[White "Mayer, Josef"]
[Black "Svagr, Daniel"]
[Result "1-0"]
[WhiteElo "1846"]
[BlackElo "1363"]
[PlyCount "85"]
[EventDate "2023.08.19"]
[EventType "swiss"]
[EventRounds "9"]
[EventCountry "CZE"]
[SourceTitle "CBM 216 Extra"]
[Source "ChessBase"]
[SourceDate "2023.11.30"]
[SourceVersion "1"]
[SourceVersionDate "2023.11.30"]
[SourceQuality "1"]

1. c4 Nf6 2. Nc3 g6 3. g3 Bg7 4. Bg2 0-0 5. Nf3 d6 6. 0-0 e5 7. d4 Qe7 8. Bg5 h6 9. Nd5 Qd8 10. Nxf6+ Bxf6 11. Bxh6 Re8 12. dxe5 dxe5 13. Qxd8 Rxd8 14. Rad1 Nc6 15. Rxd8+ Bxd8 16. Rd1 Be6 17. b3 f6 18. Be3 Be7 19. Ne1 Nd8 20. Nd3 c6 21. Nc5 Bf5 22. Ne4 Nf7 23. Bc5 Bd8 24. Nc3 Kg7 25. e3 a6 26. Ba3 Bc7 27. f4 Re8 28. Kf2 Nh6 29. h3 exf4 30. exf4 Kf7 31. Bd6 Bxd6 32. Rxd6 Be6 33. Rd2 g5 34. Ne4 Kg6 35. Nd6 Rd8 36. fxg5 Nf7 37. Ne4 Rxd2+ 38. Nxd2 fxg5 39. Ke3 Nd6 40. g4 Kg7 41. Kd4 Nc8 42. Ke5 Kf7 43. Ne4 1-0

[Event "Znojmo Rotunda op-B"]
[Site "Znojmo"]
[Date "2023.08.23"]
[Round "6"]
[White "Halbrstat, Petr"]
[Black "Mayer, Josef"]
[Result "0-1"]
[WhiteElo "1557"]
[BlackElo "1846"]
[PlyCount "50"]
[EventDate "2023.08.19"]
[EventType "swiss"]
[EventRounds "9"]
[EventCountry "CZE"]
[SourceTitle "CBM 216 Extra"]
[Source "ChessBase"]
[SourceDate "2023.11.30"]
[SourceVersion "1"]
[SourceVersionDate "2023.11.30"]
[SourceQuality "1"]

1. d4 Nf6 2. Nf3 g6 3. Bf4 Bg7 4. e3 0-0 5. Bd3 d6 6. c3 c5 7. 0-0 Nc6 8. dxc5 dxc5 9. h3 b6 10. Qe2 Bb7 11. Nbd2 Nd5 12. Be4 Nxf4 13. exf4 Qc7 14. g3 Rad8 15. Rad1 Qc8 16. Bxc6 Qxc6 17. Rfe1 e5 18. Qe4 Qxe4 19. Nxe4 Rxd1 20. Rxd1 Bxe4 21. Nxe5 Bxe5 22. fxe5 Re8 23. f4 Re7 24. Kf2 Bc6 25. Rd6 Bb5 0-1

[Event "CZE-chT2E 2223"]
[Site "Czech Republic"]
[Date "2022.10.16"]
[Round "1.8"]
[White "Zeleny, Tomas1"]
[Black "Mayer, Josef"]
[Result "0-1"]
[WhiteElo "1875"]
[BlackElo "1891"]
[PlyCount "78"]
[EventDate "2022.10.16"]
[EventType "team-tourn"]
[EventRounds "11"]
[EventCountry "CZE"]
[SourceTitle "EXT 2024"]
[Source "ChessBase"]
[SourceDate "2023.10.10"]
[SourceVersion "1"]
[SourceVersionDate "2023.10.10"]
[SourceQuality "1"]
[WhiteTeam "Namest nad Oslavou"]
[BlackTeam "Prusanky Podluzan"]
[WhiteTeamCountry "CZE"]
[BlackTeamCountry "CZE"]

1. e4 g6 2. d4 Bg7 3. Nf3 d6 4. Bc4 Nf6 5. Nc3 0-0 6. 0-0 Nc6 7. h3 Nxe4 8. Bxf7+ Rxf7 9. Nxe4 d5 10. Neg5 Rf8 11. Re1 Qd6 12. c4 h6 13. cxd5 Qxd5 14. Ne4 Bf5 15. Nc3 Qf7 16. d5 Nb4 17. g4 Bc2 18. Qd2 Qxf3 19. Re3 Qf7 20. a3 Nd3 21. Qxc2 Nxf2 22. Kh2 Bd4 23. Re6 Kh7 24. Bxh6 Kxh6 25. Qd2+ Qf4+ 26. Qxf4+ Rxf4 27. Ne2 Nxg4+ 28. Kg3 Rf7 29. Nxd4 Nf6 30. Rf1 Nh5+ 31. Kg2 Nf4+ 32. Rxf4 Rxf4 33. Nb5 Rd8 34. Rxe7 Rxd5 35. Nxc7 Rg5+ 36. Kh2 Rf2+ 37. Kh1 Rxb2 38. Re8 Rc5 39. Rh8+ Kg7 0-1

[Event "CZE-chT2E 1617"]
[Site "Czech Republic"]
[Date "2017.02.26"]
[Round "9.6"]
[White "Mayer, Josef"]
[Black "Pycha, Patrik"]
[Result "0-1"]
[WhiteElo "2092"]
[BlackElo "2023"]
[PlyCount "78"]
[EventDate "2016.09.10"]
[EventType "team-tourn"]
[EventRounds "11"]
[EventCountry "CZE"]
[SourceTitle "EXT 2022"]
[Source "ChessBase"]
[SourceDate "2021.10.06"]
[SourceVersion "1"]
[SourceVersionDate "2021.10.06"]
[SourceQuality "1"]
[WhiteTeam "Prusanky Podluzan"]
[BlackTeam "Jundrov Jezdci"]
[WhiteTeamCountry "CZE"]
[BlackTeamCountry "CZE"]

1. c4 e6 2. Nc3 Nf6 3. e4 e5 4. Nf3 Nc6 5. d4 exd4 6. Nxd4 Bb4 7. f3 d6 8. Be3 0-0 9. Be2 Nd7 10. Nb3 Nde5 11. 0-0 Bxc3 12. bxc3 Be6 13. c5 Nc4 14. Bc1 Qf6 15. Qc2 a5 16. cxd6 cxd6 17. Rd1 Rac8 18. Bxc4 Bxc4 19. Ba3 Rfd8 20. Nd4 Nxd4 21. cxd4 d5 22. e5 Qg6 23. Qd2 b5 24. Bc5 b4 25. Re1 Rc6 26. a3 b3 27. Qxa5 Rdc8 28. Rab1 Ra6 29. Qb4 Qc6 30. Rxb3 Bxb3 31. Qxb3 Ra4 32. f4 Rc4 33. Qb6 Qxb6 34. Bxb6 Rb8 35. Bc5 Rb2 36. f5 Rcc2 37. e6 Rxg2+ 38. Kh1 Rxh2+ 39. Kg1 Rhe2 0-1

[Event "CZE-chT2E 1415"]
[Site "Czech Republic"]
[Date "2015.04.19"]
[Round "11.5"]
[White "Mayer, Josef"]
[Black "Tikovsky, Alexander"]
[Result "1/2-1/2"]
[WhiteElo "2084"]
[BlackElo "2208"]
[PlyCount "83"]
[EventDate "2014.11.02"]
[EventType "team-tourn"]
[EventRounds "11"]
[EventCountry "CZE"]
[SourceTitle "EXT 2022"]
[Source "ChessBase"]
[SourceDate "2021.10.06"]
[SourceVersion "1"]
[SourceVersionDate "2021.10.06"]
[SourceQuality "1"]
[WhiteTeam "Prusanky Podluzan"]
[BlackTeam "Brno Moravska Slavia"]
[WhiteTeamCountry "CZE"]
[BlackTeamCountry "CZE"]

1. c4 e5 2. Nc3 d6 3. Nf3 g6 4. d4 Nd7 5. g3 Bg7 6. Bg2 Ne7 7. 0-0 0-0 8. e4 exd4 9. Nxd4 Nc6 10. Nde2 a5 11. Be3 Nde5 12. b3 a4 13. h3 axb3 14. axb3 Rxa1 15. Qxa1 f5 16. f4 Nd3 17. Qd1 Ndb4 18. Qd2 fxe4 19. Nxe4 Re8 20. Ng5 Qe7 21. Bd5+ Nxd5 22. Qxd5+ Be6 23. Qxe6+ Qxe6 24. Nxe6 Rxe6 25. Kf2 Re8 26. Rd1 b6 27. Nd4 Nxd4 28. Bxd4 Bxd4+ 29. Rxd4 Ra8 30. g4 Kf7 31. Kf3 Ra1 32. Rd3 Rh1 33. Ke4 Ke6 34. Re3 c6 35. Kd4+ Kf6 36. Ke4 Rf1 37. Rd3 Ke6 38. Ke3 Rh1 39. Ke4 d5+ 40. cxd5+ cxd5+ 41. Kd4 Rf1 42. Ke3 1/2-1/2

[Event "CZE-chT2E 1415"]
[Site "Czech Republic"]
[Date "2015.03.29"]
[Round "10.5"]
[White "Sedy, Ctirad"]
[Black "Mayer, Josef"]
[Result "0-1"]
[WhiteElo "1899"]
[BlackElo "2084"]
[PlyCount "108"]
[EventDate "2014.11.02"]
[EventType "team-tourn"]
[EventRounds "11"]
[EventCountry "CZE"]
[SourceTitle "EXT 2022"]
[Source "ChessBase"]
[SourceDate "2021.10.06"]
[SourceVersion "1"]
[SourceVersionDate "2021.10.06"]
[SourceQuality "1"]
[WhiteTeam "Hustopece"]
[BlackTeam "Prusanky Podluzan"]
[WhiteTeamCountry "CZE"]
[BlackTeamCountry "CZE"]

1. e4 g6 2. Bc4 Bg7 3. d4 c5 4. d5 d6 5. Ne2 Nf6 6. Nbc3 0-0 7. 0-0 Na6 8. f4 Nd7 9. Ng3 Bd4+ 10. Kh1 Nc7 11. Nce2 Bg7 12. a4 a6 13. c3 Rb8 14. Ng1 b5 15. Be2 Nf6 16. Bf3 e6 17. axb5 axb5 18. dxe6 Bxe6 19. f5 Bc4 20. Re1 b4 21. b3 Ba6 22. Bg5 h6 23. Bd2 Nd7 24. cxb4 cxb4 25. Ra5 Ne5 26. Nh3 Nd3 27. Re3 Ne5 28. Re1 Bc8 29. Ra4 Nd3 30. Qe2 Nxe1 31. Qxe1 Na6 32. Nf4 Nc5 33. Rxb4 Rxb4 34. Bxb4 g5 35. Nfh5 Nd3 36. Qd2 Nxb4 37. Nxg7 Qa5 38. N7h5 Qa1+ 39. Bd1 Na2 40. Ne2 Ba6 41. Ng1 Nc3 42. Qd4 Nxe4 43. Qxe4 Qxd1 44. Nf6+ Kg7 45. Nd7 Rc8 46. Qe7 Qd4 47. f6+ Kg8 48. Qe1 Qg4 49. Nb6 Bb7 50. Qf2 Rc1 51. Nc4 Qf4 52. Qe2 Qxf6 53. h3 Qe6 54. Qd2 Qxh3# 0-1